| 000 | 01204nam a2200265 a 4500 | ||
|---|---|---|---|
| 003 | AM-YEHGA | ||
| 005 | 20250618075333.0 | ||
| 008 | 981126s2018 ai |||||||||||||||1|arm|d | ||
| 020 | _a9789939686097 | ||
| 040 | _aAM-YeHGA | ||
| 041 | 1 |
_aarm _heng |
|
| 100 | 1 |
_aՇեքսպիր, Ուիլյամ, _d1564-1616 _94634 |
|
| 245 | 1 | 0 |
_aՕթելլո : _b[Ողբերգություն] = Othello / _cՎ. Շեքսպիր ; Թարգմ., առաջաբ. և ծանոթագր.՝ Ա. Թոփչյան ; Խմբ.՝ Գ. Մուրադյան ; Գրախոս.՝ Հ. Էդոյան. |
| 246 | 1 | 5 | _aOthello |
| 260 |
_aԵրևան : _bԶանգակ , _c2018. |
||
| 300 |
_a279 էջ : _bնկ. ; _c22 սմ. |
||
| 500 | _aԾանոթագր., էջ՝ 242-268: | ||
| 504 | _aԳրականության ցանկ, էջ՝ 269-277: | ||
| 650 | 4 |
_aԱնգլիական դրամատուրգիա (Ողբերգություն) _y17-րդ դար _98705 |
|
| 700 | 1 |
_aԹոփչյան, Արամ _eթարգմ. _4trl _eառաջաբ. _4aui _eծանոթագր. _4cmm _93359 |
|
| 700 | 1 |
_aՄուրադյան, Գոհար _eխմբ. _4edt _98743 |
|
| 700 | 1 |
_aԷդոյան, Հենրիկ Անտոնի, _d1940- _eգրախոս _4rev _91519 |
|
| 942 |
_2udc _cBK |
||
| 090 | _c457599 | ||
| 999 |
_c454605 _d454605 |
||